00428nam a2200121 a 450000100100000000500170001000800410002704000250006824501080009326000430020130000280024470000340027200004336720201002040842.0140311s1942 ag 000 0 spa d aDO-SdBNPbspacBNPHU00aCinco Años en Buenos Aires 1820-1825 /cpor "Un Inglés". Prólogo de Alejo B. González Garaño. aArgentina :bEdiciones "Solar",c1942. aXVIII, 242 p. ;c20 cm.12aGonzález Garaño, Alejo B.